Régimen y dinámica inflacionaria subyacente (Registro nro. 15046)
[ vista simple ]
| 000 -LEADER | |
|---|---|
| fixed length control field | 00356 a2200121 4500 |
| 001 - CONTROL NUMBER | |
| control field | ART_7050 |
| 005 - DATE AND TIME OF LATEST TRANSACTION | |
| control field | 20260410161700.0 |
| 008 - FIXED-LENGTH DATA ELEMENTS--GENERAL INFORMATION | |
| fixed length control field | 260409a |
| 100 1# - MAIN ENTRY--PERSONAL NAME | |
| Personal name | DAmato, Laura |
| 245 10 - TITLE STATEMENT | |
| Title | Régimen y dinámica inflacionaria subyacente |
| 700 1# - ADDED ENTRY--PERSONAL NAME | |
| Personal name | Castagnino, Tomás |
| 773 0# - HOST ITEM ENTRY | |
| Title | Ensayos Económicos |
| Related parts | - Nº 52 (oct./dic. 2008) |
| Record control number | REV620 |
No hay ítems disponibles.